Malpighiaceae in southern Brazil: Identification keys for genera and updates on species richness (Registro n. 338183)
[ somente texto ]
| 000 -LÍDER | |
|---|---|
| fixed length control field | 03939nab a2200301 i 4500 |
| 003 - CÓDIGO MARC DA AGÊNCIA CATALOGADORA | |
| Campo de controle | BR-BrBNA |
| 005 - DATA E HORA DA ÚLTIMA ATUALIZAÇÃO | |
| Campo de controle | 20250915154720.0 |
| 008 - CAMPO DE TAMANHO FIXO | |
| fixed length control field | 250915b2021 bl.ar|pooa||| 00| 0 eng | |
| 040 ## - FONTE DA CATALOGAÇÃO | |
| Agência catalogadora | BR-BrBNA |
| Idioma da catalogação | eng |
| 072 ## - CATEGORIA AGRIS | |
| Código AGRIS | F70 |
| 072 ## - CATEGORIA AGRIS | |
| Código AGRIS | F50 |
| 100 ## - ENTRADA PRINCIPAL - NOME PESSOAL | |
| Nome pessoal | Soares, Edson Luís de Carvalho |
| 100 ## - ENTRADA PRINCIPAL - NOME PESSOAL | |
| Nome pessoal | Záchia, Renato Aquino |
| 100 ## - ENTRADA PRINCIPAL - NOME PESSOAL | |
| Nome pessoal | Durigon, Jaqueline |
| 100 ## - ENTRADA PRINCIPAL - NOME PESSOAL | |
| Nome pessoal | Miotto, Silvia Teresinha Sfoggia |
| 245 ## - TÍTULO PRINCIPAL | |
| Título principal | Malpighiaceae in southern Brazil: Identification keys for genera and updates on species richness |
| 500 ## - NOTA GERAL | |
| Nota geral | Publicação on-line; 47 ref.; 1 table; 5 illus.; Summaries (En, Pt) |
| 942 ## - ADDED ENTRY ELEMENTS (KOHA) | |
| Koha item type | Analítica |
| 520 ## - NOTA DE RESUMO | |
| Nota de conteúdo | <br/><br/>Abstract<br/><br/>Recent studies have contributed to a better understanding of the circumscription of some genera of<br/>Malpighiaceae and the overall diversity of the family in Brazilian tropical ecosystems. In southern Brazil,<br/>however, this important group of lianas and shrubs still has not been fully categorized. The present study<br/>provides identification keys based on floral and fruit morphology for the 23 genera reported from southern<br/>Brazil. The importance of the number of styles and the position and shape of the stigmas for the recognition<br/>of genera was confirmed. Illustrations of morphological characteristics used in the keys and notes about<br/>taxonomy, species richness and distribution are provided. It should be noted that the occurrence of some<br/>Malpighiaceae genera that are represented by only one species in the southern region, such as Bronwenia, <br/>Camarea and Heladena, are not yet cited in the Flora do Brasil 2020 database. A total of 95 species were<br/>confirmed and documented by voucher specimens. Banisteriopsis pseudojanusia, Heteropterys dusenii and<br/>Peixotoa catarinensis, occur exclusively in southern Brazil and are classified as “Critically Endangered”,<br/>“Vulnerable” and “Endangered” in the Brazilian Red List, respectively.<br/><br/>Key words: Atlantic Forest, Cerrado, lianas, Malpighiales, Pampa.<br/><br/><br/><br/><br/><br/>Resumo<br/><br/>Embora recentes estudos tenham contribuído para uma melhor compreensão da circunscrição de gêneros e da<br/>diversidade da família Malpighiaceae em ecossistemas tropicais brasileiros, na Região Sul, esse importante<br/>grupo de lianas e arbustos ainda apresenta dificuldades para a sua identificação. O presente estudo traz chaves<br/>de identificação baseadas na morfologia de flores e frutos para 23 gêneros de Malpighiaceae registrados no sul<br/>do Brasil. A importância do número de estiletes e da posição e forma dos estigmas para o reconhecimento de<br/>gêneros foi confirmada. Adicionalmente, são apresentadas ilustrações relativas às características morfológicas<br/>incluídas nas chaves, além de observações sobre a taxonomia, riqueza de espécies e distribuição dos gêneros<br/>abordados. Cabe destacar que a ocorrência de alguns gêneros representados na Região Sul por apenas uma<br/>espécie, como é o caso de Bronwenia, Camarea e Heladena, não é mencionada na Flora do Brasil 2020, em<br/>construção. Ao total, 95 espécies de Malpighiaceae foram confirmadas para a região e documentadas por<br/>materiais testemunho. Banisteriopsis pseudojanusia, Heteropterys dusenii e Peixotoa catarinensis ocorrem <br/>exclusivamente no sul do Brasil e são classificadas como “Criticamente em Perigo”, “Vulnerável” e “Em<br/>Perigo”, respectivamente, no Livro Vermelho da Flora do Brasil.<br/><br/>Palavras-chave: Mata Altântica, Cerrado, lianas, Malpighiales, Pampa. |
| 650 ## - ASSUNTO - THESAGRO | |
| Cabeçalho tópico ou nome geográfico | MATA ATLÂNTICA |
| 650 ## - ASSUNTO - THESAGRO | |
| Cabeçalho tópico ou nome geográfico | CERRADO |
| 650 ## - ASSUNTO - THESAGRO | |
| Cabeçalho tópico ou nome geográfico | TAXONOMIA |
| 650 ## - ASSUNTO - THESAGRO | |
| Cabeçalho tópico ou nome geográfico | MORFOLOGIA VEGETAL |
| 650 ## - ASSUNTO - THESAGRO | |
| Cabeçalho tópico ou nome geográfico | SUL DO BRASIL |
| 773 0# - ENTRADA ANALÍTICA | |
| Host Biblionumber | 709 |
| Registro do item | 357347 |
| Imprenta | Rio de Janeiro-RJ Jardim Botanico do Rio de Janeiro 1935 |
| Outro identificador | 2025-5311 |
| Título | Rodriguésia (Brazil) |
| ISSN | 0370-6583; 2175-7860 on-line |
| Colação | v. 72 p. 1-20; (2021) |
| Número de controle de registro | BR2025002290 |
| 856 ## - ACESSO E ENDEREÇO ELETRÔNICO | |
| Identificador uniforme de recurso - URI | https://www.scielo.br/j/rod/a/qd7mDyndTc9trdtg5LPCfqh/?format=pdf&lang=en |
Nenhum exemplar disponível.

BINAGRI